L'arbre des pays - Statistiques

Statistiques générales
  • Ce quiz a été pris 113 fois
  • Le résultat moyen est 8 sur 15
Réponses sur la Carte
Les réponses sont colorées sur une échelle allant du rouge au vert en fonction du pourcentage des utilisateurs qui les ont devinées à leur premier essai. Vous pouvez retrouver ces pourcentages ci-dessous.
 
Statistiques - réponses
Pays % Correct
Espagne
97%
Chine
90%
Allemagne
86%
Kazakhstan
65%
Libye
64%
Turquie
54%
Roumanie
51%
Argentine
50%
Mauritanie
49%
Iran
46%
Afghanistan
44%
Islande
42%
Bolivie
38%
Colombie
30%
Botswana
29%
Aucun quiz correspondant
Distribution des résultats
% des personnes avec chaque résultat
Percentile par nombre de réponses
Votre historique - résultats
Vous n’avez pas pris ce quiz